000 01243cad a22002295a 4500
001 E146868
008 090305e20090305xxk 000 0 eng d
035 _a(Sirsi) u146868
041 0 _aeng
110 2 _aRoyal Institution of Chartered Surveyors
_bScottish Branch
_9830
245 0 0 _aBuyers in Scotland return thanks to home report
_h[electronic resource]
260 _c2009
490 _aRICS Scotland News Release
_v5 March 2009
520 _aResearch carried out by RICS Scotland suggests that the introduction of the Home Report in Scotland has increased buyer interest. Eight out of 10 of the largest chartered surveyor firms in Scotland believe the Home Report has increased the number of enquiries from potential buyers, and eight out of 10 of the firms surveyed also suggest that the Home Report has had no impact on the number of homes being put on the market.
590 _aKA NTK
650 2 4 _aSCOTTISH SINGLE SURVEY SCHEME
650 2 4 _aHOME REPORT
651 4 _aScotland
_y1999-
690 _aPROPERTY-RESIDENTIAL PROPERTY-ACQUISITION AND DISPOSAL OF RESIDENTIAL PROPERTY
856 4 8 _uhttps://www.rics.org/site/scripts/news_article.aspx?newsID=477
_zView the news release free of charge at www.rics.org...
942 _n0
999 _c81313
_d81313